[Event "Titled Tuesday intern op 28th Mar Early"]
[Site "Chess.com INT"]
[Date "2023.03.28"]
[Round "6"]
[White "Davidson, Kevin"]
[Black "Vallejo Diaz, Javier"]
[Result "0-1"]
[WhiteElo "2154"]
[BlackElo "2363"]
[PlyCount "64"]
[EventDate "2023.03.28"]
[EventType "swiss (blitz)"]
[EventRounds "11"]
[EventCountry "USA"]
[SourceTitle "EXT 2024"]
[Source "ChessBase"]
[SourceDate "2023.10.10"]
[SourceVersion "1"]
[SourceVersionDate "2023.10.10"]
[SourceQuality "1"]

1. e4 c5 2. Nf3 e6 3. d4 cxd4 4. Nxd4 a6 5. Nc3 Qc7 6. g3 Bb4 7. Bd2 Nc6 8. Nb3 Nf6 9. Bg2 b5 10. 0-0 0-0 11. a4 bxa4 12. Nxa4 a5 13. Re1 e5 14. Nc3 Rb8 15. Nd5 Nxd5 16. exd5 Nd4 17. Nxd4 exd4 18. Bf4 d6 19. Re4 Bf5 20. Rxd4 Bc5 21. Rd2 Rxb2 22. c4 Rfb8 23. h3 Rb1 24. g4 Rxd1+ 25. Raxd1 Bg6 26. Bg3 h5 27. Kh2 hxg4 28. hxg4 a4 29. f4 f5 30. g5 Bh5 31. Ra1 a3 32. Rda2 Rb2 0-1

[Event "Titled Tuesday intern op 28th Mar Early"]
[Site "Chess.com INT"]
[Date "2023.03.28"]
[Round "8"]
[White "Rosenberg, Evan"]
[Black "Vallejo Diaz, Javier"]
[Result "1-0"]
[WhiteElo "1982"]
[BlackElo "2363"]
[PlyCount "75"]
[EventDate "2023.03.28"]
[EventType "swiss (blitz)"]
[EventRounds "11"]
[EventCountry "USA"]
[SourceTitle "EXT 2024"]
[Source "ChessBase"]
[SourceDate "2023.10.10"]
[SourceVersion "1"]
[SourceVersionDate "2023.10.10"]
[SourceQuality "1"]

1. d4 Nf6 2. Nf3 g6 3. Nc3 Bg7 4. e4 d6 5. Be2 0-0 6. 0-0 Nbd7 7. e5 Ne8 8. Bf4 Nb6 9. h3 d5 10. a4 a5 11. b3 Bf5 12. Qd2 c6 13. Rac1 Nc7 14. Bh6 Be4 15. Bxg7 Kxg7 16. Nxe4 dxe4 17. Ng5 f5 18. exf6+ exf6 19. Nxe4 Re8 20. Nc5 Ra7 21. Rfe1 Nd7 22. Nxd7 Qxd7 23. Rcd1 b6 24. Bf3 Raa8 25. Rxe8 Rxe8 26. Re1 Rd8 27. Qc3 Nd5 28. Bxd5 Qxd5 29. Re7+ Kg8 30. Rc7 Rd6 31. Qe3 Re6 32. Qd2 Qd6 33. Rc8+ Kg7 34. c4 Qe7 35. Qf4 Re1+ 36. Kh2 Qe2 37. Rc7+ Kg8 38. Qxf6 1-0

[Event "Titled Tuesday intern op 18th Oct Early"]
[Site "Chess.com INT"]
[Date "2022.10.18"]
[Round "7"]
[White "Sowul, Bartosz"]
[Black "Vallejo Diaz, Javier"]
[Result "1-0"]
[WhiteElo "2269"]
[BlackElo "2365"]
[PlyCount "51"]
[EventDate "2022.10.18"]
[EventType "swiss (blitz)"]
[EventRounds "11"]
[EventCountry "USA"]
[SourceTitle "EXT 2024"]
[Source "ChessBase"]
[SourceDate "2023.10.10"]
[SourceVersion "1"]
[SourceVersionDate "2023.10.10"]
[SourceQuality "1"]

1. e4 Nf6 2. e5 Nd5 3. d4 d6 4. Nf3 g6 5. Bc4 c6 6. 0-0 Bg7 7. Bb3 0-0 8. c4 Nb6 9. Bf4 Bg4 10. h3 Bxf3 11. Qxf3 dxe5 12. dxe5 e6 13. Nc3 N8d7 14. Qe3 Qc7 15. Rfe1 Rfd8 16. Rad1 Nf8 17. Rd6 Rxd6 18. exd6 Qd8 19. c5 Nd5 20. Bxd5 exd5 21. Bg5 Qa5 22. Qe7 Qxc5 23. h4 h6 24. Bf6 Bxf6 25. Qxf6 Qb6 26. Re7 1-0

[Event "Titled Tuesday intern op 18th Oct Early"]
[Site "Chess.com INT"]
[Date "2022.10.18"]
[Round "1"]
[White "Vallejo Diaz, Javier"]
[Black "Itkis, Boris"]
[Result "1-0"]
[WhiteElo "2365"]
[BlackElo "2332"]
[PlyCount "53"]
[EventDate "2022.10.18"]
[EventType "swiss (blitz)"]
[EventRounds "11"]
[EventCountry "USA"]
[SourceTitle "EXT 2024"]
[Source "ChessBase"]
[SourceDate "2023.10.10"]
[SourceVersion "1"]
[SourceVersionDate "2023.10.10"]
[SourceQuality "1"]

1. e4 c6 2. d4 d5 3. Nd2 dxe4 4. Nxe4 Nf6 5. Ng3 Bg4 6. f3 Bh5 7. N1e2 Nbd7 8. Nf4 Bg6 9. h4 e5 10. dxe5 Qa5+ 11. c3 Qxe5+ 12. Be2 0-0-0 13. Qa4 Bc5 14. h5 Nb6 15. Qxa7 Bc2 16. Kf1 Rhe8 17. b4 Be3 18. Bxe3 Qxe3 19. Rh4 Kc7 20. Qa5 Rd2 21. Re1 g5 22. Qxg5 Nfd5 23. Nxd5+ Nxd5 24. Qxe3 Rxe3 25. Kf2 Bd3 26. Rd4 Nxc3 27. Kxe3 1-0

[Event "Titled Tuesday intern op 18th Oct Early"]
[Site "Chess.com INT"]
[Date "2022.10.18"]
[Round "6"]
[White "Vallejo Diaz, Javier"]
[Black "Maghsoodloo, Parham"]
[Result "0-1"]
[WhiteElo "2365"]
[BlackElo "2721"]
[PlyCount "68"]
[EventDate "2022.10.18"]
[EventType "swiss (blitz)"]
[EventRounds "11"]
[EventCountry "USA"]
[SourceTitle "EXT 2024"]
[Source "ChessBase"]
[SourceDate "2023.10.10"]
[SourceVersion "1"]
[SourceVersionDate "2023.10.10"]
[SourceQuality "1"]

1. e4 c5 2. Nf3 e6 3. b3 b6 4. Bb2 Bb7 5. Qe2 Nf6 6. e5 Nd5 7. g3 Be7 8. Bg2 f5 9. Na3 0-0 10. Nc4 a5 11. a4 Ba6 12. d3 Nc6 13. 0-0 Qc7 14. Na3 Bb7 15. Nb5 Qb8 16. Rad1 Nc7 17. d4 cxd4 18. Nfxd4 Nxd4 19. Rxd4 Bxg2 20. Kxg2 Qb7+ 21. Kg1 Nd5 22. Nd6 Bxd6 23. exd6 f4 24. c4 Nb4 25. Rxf4 Rxf4 26. gxf4 Rf8 27. Qg4 Rf7 28. f5 exf5 29. Qg5 Nd3 30. Bc3 h6 31. Qe3 Qe4 32. Qxb6 Qg4+ 33. Kh1 Qf3+ 34. Kg1 Nf4 0-1

[Event "Titled Tuesday intern op 11th Jan"]
[Site "Chess.com INT"]
[Date "2022.01.11"]
[Round "5"]
[White "Vallejo Diaz, Javier"]
[Black "Pandey, Srishti"]
[Result "1-0"]
[WhiteElo "2365"]
[BlackElo "2177"]
[PlyCount "97"]
[EventDate "2022.01.11"]
[EventType "swiss (blitz)"]
[EventRounds "11"]
[EventCountry "USA"]
[SourceTitle "CBM 206 Extra"]
[Source "ChessBase"]
[SourceDate "2022.03.31"]
[SourceVersion "1"]
[SourceVersionDate "2022.03.31"]
[SourceQuality "1"]

1. e4 e5 2. Nf3 Nc6 3. Bb5 a6 4. Ba4 Nf6 5. d3 b5 6. Bb3 Bc5 7. a4 Rb8 8. 0-0 0-0 9. Nc3 d6 10. h3 h6 11. Be3 Bb6 12. Bxb6 Rxb6 13. axb5 axb5 14. Ra8 Qe7 15. Qe2 Bb7 16. Rxf8+ Kxf8 17. Nh4 Nd4 18. Qe3 Bc6 19. f4 Nxb3 20. cxb3 exf4 21. Qxf4 Qe5 22. Qxe5 dxe5 23. Rf5 b4 24. Na4 Bxa4 25. bxa4 Rd6 26. Rxe5 Rxd3 27. Rb5 Nxe4 28. Rxb4 Ng3 29. Kf2 g5 30. Nf3 Ne4+ 31. Rxe4 Rb3 32. Rc4 Rxb2+ 33. Kg3 Ra2 34. Rxc7 Rxa4 35. Ne5 Rf4 36. Rc4 Rf5 37. Nf3 Kg7 38. Kg4 Rf6 39. Kh5 Ra6 40. Rc2 Rf6 41. Nh2 Rf4 42. Ng4 Ra4 43. Rf2 Rc4 44. Nxh6 f6 45. Ng4 Rc6 46. Rxf6 Rxf6 47. Nxf6 Kxf6 48. g4 Ke5 49. Kxg5 1-0

[Event "Titled Tuesday intern op 11th Jan"]
[Site "Chess.com INT"]
[Date "2022.01.11"]
[Round "3"]
[White "Vallejo Diaz, Javier"]
[Black "Willow, Jonah B"]
[Result "0-1"]
[WhiteElo "2365"]
[BlackElo "2360"]
[PlyCount "66"]
[EventDate "2022.01.11"]
[EventType "swiss (blitz)"]
[EventRounds "11"]
[EventCountry "USA"]
[SourceTitle "CBM 206 Extra"]
[Source "ChessBase"]
[SourceDate "2022.03.31"]
[SourceVersion "1"]
[SourceVersionDate "2022.03.31"]
[SourceQuality "1"]

1. e4 c5 2. Nf3 Nc6 3. Bb5 g6 4. 0-0 Bg7 5. Bxc6 dxc6 6. h3 e5 7. d3 Ne7 8. Be3 b6 9. Qd2 h6 10. Nc3 g5 11. a3 a5 12. Ne2 0-0 13. b4 cxb4 14. axb4 a4 15. Qc3 Qc7 16. Ra3 f5 17. Rfa1 f4 18. Bc1 b5 19. Bb2 Ng6 20. d4 Re8 21. d5 Bb7 22. Rd1 Rad8 23. Raa1 Rd7 24. dxc6 Qxc6 25. Qxc6 Bxc6 26. Rxd7 Bxd7 27. Nc3 Rc8 28. Rd1 Nf8 29. Rd2 a3 30. Ba1 Rc4 31. Nb1 a2 32. Nc3 Rxb4 33. Nxa2 Rb1+ 0-1

[Event "Titled Tuesday intern op 19th Oct"]
[Site "Chess.com INT"]
[Date "2021.10.19"]
[Round "9"]
[White "Obolenskikh, Dmitry Aleksandrovi"]
[Black "Vallejo Diaz, Javier"]
[Result "1-0"]
[WhiteElo "2543"]
[BlackElo "2365"]
[PlyCount "143"]
[EventDate "2021.10.19"]
[EventType "swiss (blitz)"]
[EventRounds "11"]
[EventCountry "USA"]
[SourceTitle "CBM 204 Extra"]
[Source "ChessBase"]
[SourceDate "2021.11.30"]
[SourceVersion "1"]
[SourceVersionDate "2021.11.30"]
[SourceQuality "1"]

1. Nf3 d5 2. e3 Nf6 3. c4 c6 4. Nc3 e6 5. b3 Nbd7 6. Bb2 Be7 7. d4 b6 8. Bd3 Bb7 9. 0-0 0-0 10. Qe2 c5 11. cxd5 exd5 12. Ba6 Bxa6 13. Qxa6 cxd4 14. Nxd4 Nc5 15. Qe2 Rc8 16. Rfd1 Qc7 17. Nf5 Rfd8 18. Rac1 Qb7 19. Qf3 Bf8 20. h3 g6 21. Nd4 Bg7 22. Qe2 Nfe4 23. Ncb5 a6 24. Nc3 Nxc3 25. Rxc3 Ne4 26. Rxc8 Rxc8 27. Nf3 Bxb2 28. Qxb2 Rc3 29. Nd4 Qc7 30. a4 Qc5 31. Qe2 Rc1 32. Rxc1 Qxc1+ 33. Qf1 Qc8 34. f3 Nd6 35. Qd3 Qc1+ 36. Kh2 a5 37. Ne2 Qc5 38. Nf4 Nf5 39. Nxd5 Qd6+ 40. Kg1 Qc5 41. Kf2 h5 42. g4 hxg4 43. hxg4 Nd6 44. Nf6+ Kg7 45. Qxd6 Qc2+ 46. Kg3 Qc1 47. Ne4 Qg1+ 48. Kf4 Qh2+ 49. Ng3 Qh6+ 50. Ke4 Qh3 51. Qe5+ Kg8 52. Kd3 Qg2 53. Ne4 Qxf3 54. Nf6+ Kf8 55. g5 Qd1+ 56. Kc4 Qc2+ 57. Kb5 Qxb3+ 58. Ka6 Qxa4 59. Qd6+ Kg7 60. Qe7 Qc4+ 61. Kxb6 Qb3+ 62. Kxa5 Qa2+ 63. Kb6 Qb3+ 64. Kc7 Qc4+ 65. Kd8 Qd3+ 66. Nd7 Qf5 67. Qe5+ Qxe5 68. Nxe5 f6 69. Ng4 fxg5 70. Ke7 Kg8 71. e4 Kg7 72. e5 1-0

[Event "Leon Blitz op 34th"]
[Site "Chess.com INT"]
[Date "2021.07.07"]
[Round "4"]
[White "Arpita, Mukherjee"]
[Black "Vallejo Diaz, Javier"]
[Result "1-0"]
[WhiteElo "2206"]
[BlackElo "2365"]
[PlyCount "107"]
[EventDate "2021.07.07"]
[EventType "swiss (blitz)"]
[EventRounds "14"]
[EventCountry "ESP"]
[SourceTitle "CBM 203 Extra"]
[Source "ChessBase"]
[SourceDate "2021.09.30"]
[SourceVersion "1"]
[SourceVersionDate "2021.09.30"]
[SourceQuality "1"]

1. e4 d5 2. exd5 Qxd5 3. Nc3 Qa5 4. d4 c6 5. Nf3 Nf6 6. Bd2 Bg4 7. Bc4 e6 8. h3 Bxf3 9. Qxf3 Qb6 10. 0-0-0 Nbd7 11. Bg5 Be7 12. Rhe1 0-0 13. g4 Rfe8 14. Bb3 a5 15. a4 Qa6 16. Bxf6 Bxf6 17. Ne4 b5 18. g5 Be7 19. Rg1 bxa4 20. Bxa4 Qc4 21. Bb3 Qb4 22. Nf6+ Nxf6 23. gxf6 Bf8 24. Rxg7+ Bxg7 25. Rg1 Kh8 26. fxg7+ Kg8 27. Ba2 Qxd4 28. c3 Qa4 29. Bb1 Qh4 30. Be4 a4 31. Bxc6 a3 32. Bxa8 a2 33. Kd2 Qa4 34. Ra1 Rxa8 35. b3 Rd8+ 36. Kc2 Qd7 37. Qe3 Ra8 38. Kb2 Kxg7 39. Qd4+ Qxd4 40. cxd4 Kf6 41. Rxa2 Rd8 42. Kc3 Kf5 43. b4 Rc8+ 44. Kd3 Kf4 45. Rb2 Rc7 46. b5 Kf3 47. b6 Rb7 48. Kc4 h5 49. Kc5 h4 50. Kc6 Rb8 51. Kc7 Rf8 52. b7 Kg2 53. Ra2 Rb8 54. Kxb8 1-0

[Event "Leon Blitz op 34th"]
[Site "Chess.com INT"]
[Date "2021.07.07"]
[Round "1"]
[White "Vallejo Diaz, Javier"]
[Black "Topalov, Aleksandar"]
[Result "1-0"]
[WhiteElo "2365"]
[BlackElo "2260"]
[PlyCount "59"]
[EventDate "2021.07.07"]
[EventType "swiss (blitz)"]
[EventRounds "14"]
[EventCountry "ESP"]
[SourceTitle "CBM 203 Extra"]
[Source "ChessBase"]
[SourceDate "2021.09.30"]
[SourceVersion "1"]
[SourceVersionDate "2021.09.30"]
[SourceQuality "1"]

1. e4 e6 2. d4 d5 3. Nd2 Nf6 4. e5 Ng8 5. c3 Ne7 6. f4 Qd7 7. Ndf3 h5 8. Bd3 g6 9. Ne2 b6 10. Be3 Ba6 11. 0-0 Bxd3 12. Qxd3 Nf5 13. b4 c5 14. bxc5 bxc5 15. Rab1 Nc6 16. dxc5 Nxe3 17. Qxe3 Be7 18. h3 h4 19. Kh1 Kf8 20. Ned4 Kg7 21. Rb5 Rab8 22. Rfb1 Rxb5 23. Rxb5 Nxd4 24. Nxd4 Rc8 25. c6 Qd8 26. Rb7 Rc7 27. Nxe6+ fxe6 28. Qxa7 Rxc6 29. Rxe7+ Kf8 30. Rh7 1-0

[Event "Leon Blitz op 34th"]
[Site "Chess.com INT"]
[Date "2021.07.07"]
[Round "11"]
[White "Vitenberg, Noam Aviv"]
[Black "Vallejo Diaz, Javier"]
[Result "0-1"]
[WhiteElo "2315"]
[BlackElo "2365"]
[PlyCount "124"]
[EventDate "2021.07.07"]
[EventType "swiss (blitz)"]
[EventRounds "14"]
[EventCountry "ESP"]
[SourceTitle "CBM 203 Extra"]
[Source "ChessBase"]
[SourceDate "2021.09.30"]
[SourceVersion "1"]
[SourceVersionDate "2021.09.30"]
[SourceQuality "1"]

1. d4 d5 2. c4 c6 3. Nf3 Nf6 4. e3 e6 5. Nbd2 Nbd7 6. Bd3 Be7 7. 0-0 0-0 8. e4 dxe4 9. Nxe4 Nxe4 10. Bxe4 Nf6 11. Bc2 c5 12. Be3 b6 13. dxc5 bxc5 14. Ne5 Qc7 15. Bf4 Rd8 16. Qe2 Bd6 17. Rad1 Bb7 18. Bg3 a5 19. f4 g6 20. Rde1 Rf8 21. Bh4 Nh5 22. Bd1 Rae8 23. Qd2 f6 24. Nd3 Ng7 25. Bf3 Nf5 26. Bxb7 Qxb7 27. Bf2 Qc7 28. b3 Kf7 29. Kh1 h5 30. Qe2 h4 31. Qe4 Re7 32. Bg1 Rh8 33. Nf2 Bxf4 34. Nh3 Be5 35. Qg4 Bd4 36. Nf4 Rh6 37. Rf3 Bxg1 38. Rxg1 Qe5 39. Nd3 Qd4 40. Qh3 Kg7 41. Rf4 Ng3+ 42. hxg3 Qxd3 43. Rxh4 Rxh4 44. gxh4 Qxh3+ 45. gxh3 Kh6 46. Rd1 e5 47. Kg2 Kh5 48. Kg3 f5 49. Rd5 f4+ 50. Kg2 Kxh4 51. Rxc5 e4 52. Rd5 e3 53. Rd1 g5 54. Kf3 e2 55. Re1 Re3+ 56. Kf2 Kxh3 57. Rxe2 Rxe2+ 58. Kxe2 Kg2 59. c5 f3+ 60. Kd2 f2 61. c6 f1Q 62. c7 Qf8 0-1

[Event "Titled Tuesday intern op 15th June"]
[Site "Chess.com INT"]
[Date "2021.06.15"]
[Round "8"]
[White "Sargsyan, Anna M"]
[Black "Vallejo Diaz, Javier"]
[Result "1-0"]
[WhiteElo "2397"]
[BlackElo "2365"]
[PlyCount "89"]
[EventDate "2021.06.15"]
[EventType "swiss (blitz)"]
[EventRounds "11"]
[EventCountry "USA"]
[SourceTitle "CBM 203 Extra"]
[Source "ChessBase"]
[SourceDate "2021.09.30"]
[SourceVersion "1"]
[SourceVersionDate "2021.09.30"]
[SourceQuality "1"]

1. d4 d5 2. c4 c6 3. Nc3 Nf6 4. Nf3 dxc4 5. a4 Bf5 6. Ne5 Nbd7 7. Nxc4 Nd5 8. f3 e5 9. e4 Nxc3 10. bxc3 Be6 11. Ne3 f6 12. Be2 Qa5 13. Bd2 exd4 14. cxd4 Bb4 15. Rb1 Bxd2+ 16. Qxd2 Qxd2+ 17. Kxd2 0-0-0 18. a5 Kc7 19. Rhc1 Bf7 20. Ke1 Nb8 21. d5 Rhe8 22. Kf2 g6 23. a6 b6 24. dxc6 Rd6 25. Bb5 Re5 26. Nc4 Bxc4 27. Bxc4 Rxc6 28. Bd5 Rxc1 29. Rxc1+ Kd7 30. f4 Re8 31. Bb7 Kd6 32. Kf3 Rd8 33. g4 Nd7 34. g5 fxg5 35. e5+ Ke7 36. Rc7 gxf4 37. Kxf4 Ke6 38. Ke4 Nc5+ 39. Ke3 Rd7 40. Bc8 Ke7 41. Bxd7 Nxd7 42. Rxa7 Ke6 43. Rxd7 Kxd7 44. a7 Kc7 45. a8Q 1-0

[Event "Titled Tuesday intern op 23rd Feb"]
[Site "Chess.com INT"]
[Date "2021.02.23"]
[Round "1"]
[White "Fiorito, Fabian"]
[Black "Vallejo Diaz, Javier"]
[Result "0-1"]
[WhiteElo "2380"]
[BlackElo "2365"]
[PlyCount "110"]
[EventDate "2021.02.23"]
[EventType "swiss (blitz)"]
[EventRounds "11"]
[EventCountry "USA"]
[SourceTitle "CBM 200 Extra"]
[Source "ChessBase"]
[SourceDate "2021.03.31"]
[SourceVersion "1"]
[SourceVersionDate "2021.03.31"]
[SourceQuality "1"]

1. e4 d5 2. exd5 Qxd5 3. Nc3 Qa5 4. d4 c6 5. Nf3 Nf6 6. Bc4 Bg4 7. h3 Bxf3 8. Qxf3 e6 9. 0-0 Nbd7 10. Ne4 Nxe4 11. Qxe4 Be7 12. c3 Nf6 13. Qf3 0-0 14. Re1 Rfe8 15. Bf4 b5 16. Bb3 c5 17. dxc5 Bxc5 18. Rad1 Rad8 19. Qc6 Qb6 20. Qxb6 Bxb6 21. Kf1 h6 22. g4 Rxd1 23. Rxd1 Ne4 24. f3 Nc5 25. Bc2 Rd8 26. Rxd8+ Bxd8 27. Be3 Bb6 28. Ke2 Kf8 29. f4 Ke7 30. b4 Nd7 31. Bd3 a6 32. c4 Bxe3 33. Kxe3 bxc4 34. Bxc4 Nb6 35. Kd4 Kd6 36. Bxa6 Nd5 37. a3 Nxf4 38. Bf1 Nd5 39. Bg2 Nb6 40. b5 g6 41. Bc6 f5 42. Bf3 e5+ 43. Kc3 Kc5 44. gxf5 gxf5 45. Bc6 e4 46. Kd2 Kd4 47. Ke2 f4 48. Kf2 Kd3 49. h4 Nc4 50. a4 f3 51. Bd5 Nb6 52. Bxe4+ Kxe4 53. a5 Nc4 54. b6 Nxa5 55. b7 Nxb7 0-1

[Event "Titled Tuesday intern op 23rd Feb"]
[Site "Chess.com INT"]
[Date "2021.02.23"]
[Round "11"]
[White "Vallejo Diaz, Javier"]
[Black "Grachev, Boris V"]
[Result "0-1"]
[WhiteElo "2365"]
[BlackElo "2619"]
[PlyCount "68"]
[EventDate "2021.02.23"]
[EventType "swiss (blitz)"]
[EventRounds "11"]
[EventCountry "USA"]
[SourceTitle "CBM 200 Extra"]
[Source "ChessBase"]
[SourceDate "2021.03.31"]
[SourceVersion "1"]
[SourceVersionDate "2021.03.31"]
[SourceQuality "1"]

1. e4 c5 2. Nf3 d6 3. c3 Nf6 4. h3 g6 5. Bd3 Bg7 6. Bc2 0-0 7. 0-0 Nc6 8. Re1 e5 9. d4 exd4 10. cxd4 Re8 11. dxc5 dxc5 12. Qxd8 Rxd8 13. Nc3 Be6 14. Bg5 Nb4 15. Bb3 c4 16. Ba4 h6 17. Bxf6 Bxf6 18. e5 Be7 19. Rad1 Nd3 20. Re4 Nxb2 21. Rxd8+ Rxd8 22. Nd4 a6 23. Bc2 b5 24. Nxe6 fxe6 25. Rg4 g5 26. Ne4 Nd3 27. h4 Nxe5 28. Rg3 Kf7 29. hxg5 hxg5 30. Nxg5+ Bxg5 31. Rxg5 Rd2 32. Be4 Nd3 33. a4 b4 34. Ra5 c3 0-1

[Event "Titled Tuesday intern op 23rd Feb"]
[Site "Chess.com INT"]
[Date "2021.02.23"]
[Round "3"]
[White "Vallejo Diaz, Javier"]
[Black "Iturrizaga Bonelli, Eduardo"]
[Result "0-1"]
[WhiteElo "2365"]
[BlackElo "2607"]
[PlyCount "32"]
[EventDate "2021.02.23"]
[EventType "swiss (blitz)"]
[EventRounds "11"]
[EventCountry "USA"]
[SourceTitle "CBM 200 Extra"]
[Source "ChessBase"]
[SourceDate "2021.03.31"]
[SourceVersion "1"]
[SourceVersionDate "2021.03.31"]
[SourceQuality "1"]

1. e4 c5 2. Nf3 Nc6 3. Bb5 g6 4. 0-0 Bg7 5. Bxc6 dxc6 6. h3 Qc7 7. d3 b6 8. Nc3 e5 9. Be3 Ne7 10. Qd2 h6 11. Nh2 Be6 12. f4 exf4 13. Bxf4 Qd7 14. Nf3 g5 15. Be5 Bxe5 16. Nxe5 Qd4+ 0-1

[Event "Titled Tuesday intern op 16th Feb"]
[Site "Chess.com INT"]
[Date "2021.02.16"]
[Round "1"]
[White "Vallejo Diaz, Javier"]
[Black "Ramsdal, Jens Albert"]
[Result "1-0"]
[WhiteElo "2365"]
[BlackElo "2267"]
[PlyCount "147"]
[EventDate "2021.02.16"]
[EventType "swiss (blitz)"]
[EventRounds "11"]
[EventCountry "USA"]
[SourceTitle "EXT 2022"]
[Source "ChessBase"]
[SourceDate "2021.10.06"]
[SourceVersion "1"]
[SourceVersionDate "2021.10.06"]
[SourceQuality "1"]

1. e4 c5 2. Nf3 d6 3. Bb5+ Nd7 4. 0-0 a6 5. Bxd7+ Bxd7 6. d4 cxd4 7. Nxd4 g6 8. c4 Bg7 9. Nc3 Nf6 10. Bg5 0-0 11. Rc1 Rc8 12. b3 Qa5 13. Nf3 Bg4 14. Bh4 Qh5 15. Bxf6 Bxf6 16. Nd5 Bg5 17. Rc3 e6 18. Ne3 Bxf3 19. Qxf3 Qxf3 20. gxf3 Bf4 21. Ng2 Be5 22. Rd3 g5 23. Ne3 h5 24. a4 h4 25. Ng4 Bf4 26. e5 dxe5 27. Rd7 b6 28. Rfd1 Kg7 29. Rb7 Rb8 30. Ra7 Ra8 31. Rdd7 Rxa7 32. Rxa7 a5 33. Rb7 Kg6 34. Rxb6 h3 35. c5 Rd8 36. Kf1 f5 37. Ne3 Bxh2 38. Rxe6+ Kf7 39. Rh6 Bf4 40. Rxh3 Bxe3 41. fxe3 Rd3 42. Rh7+ Ke6 43. Rb7 Rxe3 44. Kf2 Rc3 45. Rb5 Kd5 46. c6+ Kxc6 47. Rxe5 f4 48. Rxg5 Rxb3 49. Rxa5 Rb2+ 50. Ke1 Rb3 51. Ke2 Rb2+ 52. Kd3 Rb4 53. Kc3 Rb1 54. Kd4 Re1 55. Rf5 Ra1 56. a5 Ra4+ 57. Ke5 Rxa5+ 58. Kxf4 Ra1 59. Re5 Kd6 60. Re2 Rg1 61. Kf5 Kd5 62. Rd2+ Kc6 63. f4 Kc7 64. Kf6 Kc6 65. f5 Kc7 66. Kf7 Kc6 67. f6 Kc7 68. Kf8 Kc8 69. f7 Kc7 70. Rd4 Kc8 71. Ke7 Re1+ 72. Kf6 Rf1+ 73. Ke6 Re1+ 74. Kf5 1-0

[Event "Titled Tuesday intern op 16th Feb"]
[Site "Chess.com INT"]
[Date "2021.02.16"]
[Round "10"]
[White "Vallejo Diaz, Javier"]
[Black "Sokolovsky, Yahli"]
[Result "1-0"]
[WhiteElo "2365"]
[BlackElo "2472"]
[PlyCount "67"]
[EventDate "2021.02.16"]
[EventType "swiss (blitz)"]
[EventRounds "11"]
[EventCountry "USA"]
[SourceTitle "EXT 2022"]
[Source "ChessBase"]
[SourceDate "2021.10.06"]
[SourceVersion "1"]
[SourceVersionDate "2021.10.06"]
[SourceQuality "1"]

1. e4 g6 2. Nc3 Bg7 3. f4 d6 4. Nf3 c5 5. Bc4 Nc6 6. d3 e6 7. 0-0 Nge7 8. a4 0-0 9. Ba2 Nb4 10. Bb3 d5 11. Qe2 d4 12. Nb5 a6 13. Na3 b6 14. Bd2 a5 15. Nb5 Bb7 16. g4 Kh8 17. Rae1 f5 18. Bxb4 fxe4 19. Ng5 exd3 20. Qxe6 Nd5 21. Nd6 Qf6 22. Bxd5 Qxe6 23. Bxe6 axb4 24. Ngf7+ Kg8 25. cxd3 Ba6 26. Rf3 Ra7 27. f5 gxf5 28. gxf5 Bf6 29. Re4 Rfxf7 30. Nxf7 Rxf7 31. Rh3 Kf8 32. Bxf7 Kxf7 33. Rxh7+ Kg8 34. Ra7 1-0

[Event "Titled Tuesday intern op 16th June"]
[Site "Chess.com INT"]
[Date "2020.06.16"]
[Round "7"]
[White "Vallejo Diaz, Javier"]
[Black "Kaufman, Raymond"]
[Result "1-0"]
[WhiteElo "2365"]
[BlackElo "2255"]
[PlyCount "35"]
[EventDate "2020.06.16"]
[EventType "swiss (blitz)"]
[EventRounds "10"]
[EventCountry "USA"]
[SourceTitle "EXT 2021"]
[Source "ChessBase"]
[SourceDate "2020.10.23"]
[SourceVersion "1"]
[SourceVersionDate "2020.10.23"]
[SourceQuality "1"]

1. e4 e6 2. d4 d5 3. Nd2 Nf6 4. e5 Nfd7 5. f4 c5 6. c3 Nc6 7. Ndf3 Qb6 8. g3 cxd4 9. cxd4 Bb4+ 10. Kf2 f6 11. Kg2 0-0 12. Bd3 fxe5 13. fxe5 Ndxe5 14. dxe5 Nxe5 15. Nxe5 Qf2+ 16. Kh3 Qf6 17. Ngf3 Bd6 18. Bg5 1-0

[Event "Titled Tuesday intern op 16th June"]
[Site "Chess.com INT"]
[Date "2020.06.16"]
[Round "5"]
[White "Zhukova, Natalia"]
[Black "Vallejo Diaz, Javier"]
[Result "1-0"]
[WhiteElo "2328"]
[BlackElo "2365"]
[PlyCount "91"]
[EventDate "2020.06.16"]
[EventType "swiss (blitz)"]
[EventRounds "10"]
[EventCountry "USA"]
[SourceTitle "EXT 2021"]
[Source "ChessBase"]
[SourceDate "2020.10.23"]
[SourceVersion "1"]
[SourceVersionDate "2020.10.23"]
[SourceQuality "1"]

1. c4 e5 2. Nc3 Nc6 3. Nf3 f5 4. g3 Nf6 5. d4 e4 6. d5 exf3 7. dxc6 fxe2 8. Qxe2+ Qe7 9. cxd7+ Bxd7 10. Bg2 c6 11. Be3 Ng4 12. Bd2 Qxe2+ 13. Nxe2 Bc5 14. 0-0 0-0 15. h3 Ne5 16. b3 Rfe8 17. Nf4 a5 18. Bc3 Ng6 19. Nh5 Bf8 20. Rad1 Be6 21. a4 Red8 22. Rxd8 Rxd8 23. Bxa5 Rd3 24. Rb1 Bc5 25. Bf1 Rf3 26. Be1 Ne5 27. Be2 g6 28. Bxf3 Nxf3+ 29. Kg2 gxh5 30. Kxf3 Kf7 31. Bd2 h4 32. Be3 Be7 33. a5 hxg3 34. fxg3 h5 35. Rc1 Bb4 36. Bb6 c5 37. Rd1 Ke7 38. Rd8 Bd7 39. Rh8 Bc6+ 40. Kf2 Bc3 41. Rxh5 Bd4+ 42. Ke2 Kf6 43. a6 bxa6 44. Rh6+ Ke5 45. Rxc6 Ke4 46. Bxc5 1-0

[Event "Titled Tuesday intern op 6th June"]
[Site "Chess.com INT"]
[Date "2020.06.02"]
[Round "2"]
[White "Garic, Radomir"]
[Black "Vallejo Diaz, Javier"]
[Result "0-1"]
[WhiteElo "2244"]
[BlackElo "2365"]
[PlyCount "82"]
[EventDate "2020.06.02"]
[EventType "swiss (blitz)"]
[EventRounds "10"]
[EventCountry "USA"]
[SourceTitle "CBM 196 Extra"]
[Source "ChessBase"]
[SourceDate "2020.07.31"]
[SourceVersion "1"]
[SourceVersionDate "2020.07.31"]
[SourceQuality "1"]

1. e4 Nf6 2. e5 Nd5 3. Nf3 d6 4. Bc4 c6 5. 0-0 g6 6. d4 Bg7 7. Re1 0-0 8. h3 dxe5 9. Nxe5 Be6 10. Bb3 Nd7 11. Nf3 Nc7 12. Nbd2 Bxb3 13. Nxb3 Re8 14. Bg5 h6 15. Bh4 Nf6 16. Qe2 Ncd5 17. Rad1 Nh5 18. Ne5 Ndf4 19. Qf3 g5 20. Bg3 Qd5 21. Bxf4 Nxf4 22. Re4 Rad8 23. c4 Qd6 24. Rde1 Bxe5 25. Rxe5 e6 26. c5 Qd7 27. Kh2 Ng6 28. R5e4 Nf4 29. g3 Nd5 30. h4 Kg7 31. Nd2 Nf6 32. hxg5 hxg5 33. Re5 Rh8+ 34. Kg2 Qxd4 35. Rxg5+ Kf8 36. Ne4 Nxe4 37. Rxe4 Qd3 38. Qf4 Qb1 39. Rh5 Rxh5 40. g4 Qh1+ 41. Kg3 Rh3# 0-1